The experience of philosophy / (Record no. 145820)

MARC details
000 -LEADER
fixed length control field 00663nam a2200229 a 4500
008 - FIXED-LENGTH DATA ELEMENTS--GENERAL INFORMATION
fixed length control field
020 ## - INTERNATIONAL STANDARD BOOK NUMBER
International Standard Book Number 0534124445
049 ## - LOCAL HOLDINGS (OCLC)
Holding library MAIN
090 0# - LOCALLY ASSIGNED LC-TYPE CALL NUMBER (OCLC); LOCAL CALL NUMBER (RLIN)
Classification number (OCLC) (R) ; Classification number, CALL (RLIN) (NR) B29
Local cutter number (OCLC) ; Book number/undivided call number, CALL (RLIN) EXP
003 - CONTROL NUMBER IDENTIFIER
control field
005 - DATE AND TIME OF LATEST TRANSACTION
control field 20230123133257.0
040 ## - CATALOGING SOURCE
Transcribing agency NUST
245 04 - TITLE STATEMENT
Title The experience of philosophy /
Statement of responsibility, etc. [edited by] Daniel Kolak, Raymond Martin.
260 ## - PUBLICATION, DISTRIBUTION, ETC.
Place of publication, distribution, etc. Belmont, Calif. :
Name of publisher, distributor, etc. Wadsworth Pub. Co.,
Date of publication, distribution, etc. c1990.
300 ## - PHYSICAL DESCRIPTION
Extent xii, 503 p. ;
Dimensions 24 cm.
504 ## - BIBLIOGRAPHY, ETC. NOTE
Bibliography, etc. note Includes bibliographical references.
650 #0 - SUBJECT ADDED ENTRY--TOPICAL TERM
Topical term or geographic name entry element Philosophy
700 1# - ADDED ENTRY--PERSONAL NAME
Personal name Kolak, Daniel.
700 1# - ADDED ENTRY--PERSONAL NAME
Personal name Martin, Raymond.
907 ## - LOCAL DATA ELEMENT G, LDG (RLIN)
a .b10077315
b 20-04-12
c 13-06-03
942 ## - ADDED ENTRY ELEMENTS (KOHA)
Koha item type Ordinary Loan Books
Call number prefix B29
Call number suffix EXP
Holdings
Date last seen Total Checkouts Full call number Barcode Cost, replacement price Price effective from Koha item type Lost status Source of classification or shelving scheme Damaged status Not for loan Collection Withdrawn status Home library Current library Shelving location Date acquired Cost, normal purchase price
01/23/2023 14 B29 EXP 92003001046 80.00 01/23/2023 BOOKS   LCC     NFIC   MAIN MAIN GEN 01/23/2023 80.00